[Event "Sydney International Challengers"]
[Site "Parramatta, NSW"]
[Date "2010.04.11"]
[Round "9.22"]
[White "Christian, Kashish"]
[Black "Childs, Stephen"]
[Result "0-1"]
[WhiteElo "654"]
[BlackElo "1132"]
[PlyCount "94"]
[EventDate "2010.04.07"]
[EventType "swiss"]
[EventRounds "9"]
[EventCountry "AUS"]
[SourceDate "2010.04.07"]

1. d4 Nf6 2. Nc3 d5 3. Nf3 e6 4. e3 c5 5. b3 Nc6 6. Bb2 a6 7. a4 cxd4 8. exd4
Bb4 9. Be2 Ne4 10. Qd3 Qa5 11. O-O Bxc3 12. Bxc3 Qxc3 13. Qd1 Qa5 14. Bd3 Nb4
15. Qe1 f5 16. Ne5 Qb6 17. f3 Nxd3 18. Nxd3 Nf6 19. Nc5 O-O 20. a5 Qd6 21. b4
Re8 22. f4 Ne4 23. Qe2 Nxc5 24. bxc5 Qe7 25. Rfe1 Bd7 26. c4 dxc4 27. Qxc4 Bb5
28. Qc3 Qf6 29. Rad1 Rad8 30. Rd2 Rd7 31. Red1 Ba4 32. Ra1 Bb5 33. Rad1 Red8
34. Qb4 Bc6 35. Qc4 Qg6 36. g3 Qf7 37. Re1 Be4 38. Kf2 e5 39. Qc3 Rxd4 40. Rxd4
exd4 41. Qd2 d3 42. Rd1 Qd5 43. Rc1 Qd4+ 44. Kf1 Rc8 45. Qf2 Qxf2+ 46. Kxf2 Rd8
47. Ke1 d2+ 0-1

[Event "Sydney International Challengers"]
[Site "Parramatta, NSW"]
[Date "2010.04.11"]
[Round "9.23"]
[White "Ansell, John"]
[Black "Nakauchi, Ray"]
[Result "1-0"]
[WhiteElo "1321"]
[BlackElo "541"]
[PlyCount "149"]
[EventDate "2010.04.07"]
[EventType "swiss"]
[EventRounds "9"]
[EventCountry "AUS"]
[SourceDate "2010.04.07"]

1. d4 Nf6 2. Nf3 g6 3. Bf4 Bg7 4. Nc3 c6 5. e3 O-O 6. Be2 d5 7. O-O a5 8. a4
Nbd7 9. h3 b6 10. Re1 Re8 11. Ne5 Bb7 12. Bh2 e6 13. f4 Nxe5 14. fxe5 Ne4 15.
Nxe4 dxe4 16. c3 Rc8 17. Rc1 c5 18. Qb3 Bd5 19. c4 Bb7 20. Rcd1 Qe7 21. Qxb6
Qc7 22. Qxc7 Rxc7 23. b3 Rb8 24. Rd2 cxd4 25. exd4 Ba6 26. Bd1 Bf8 27. Rxe4 Rd8
28. Bf3 Rc5 29. Bf4 Bb7 30. Ree2 Rc7 31. Bxb7 Rxb7 32. Rd3 Bc5 33. Be3 Rbd7 34.
Red2 Bb4 35. Rd1 Bc5 36. Kf1 f5 37. Bg5 Be7 38. Bxe7 Rxe7 39. d5 exd5 40. Rxd5
Rxd5 41. Rxd5 Rb7 42. Rb5 Ra7 43. Ke2 Kf7 44. Ke3 Ke7 45. Kf4 h6 46. Rb6 Kf7
47. c5 Ra8 48. h4 Rd8 49. Rd6 Rc8 50. c6 Rb8 51. Rd7+ Ke6 52. Rb7 Rc8 53. Rb6
Kd5 54. Rb5+ Kxc6 55. Rxa5 Rd8 56. Ra6+ Kc5 57. Ke3 Rb8 58. Ra5+ Kb4 59. Rb5+
Rxb5 60. axb5 Kxb5 61. Kd4 Kc6 62. b4 g5 63. hxg5 hxg5 64. b5+ Kxb5 65. Kd5 f4
66. e6 g4 67. e7 Kb4 68. e8=Q f3 69. Qe4+ Kb5 70. gxf3 gxf3 71. Qxf3 Kb4 72.
Kd4 Kb5 73. Qb7+ Ka5 74. Kc4 Ka4 75. Qb4# 1-0

[Event "Sydney International Challengers"]
[Site "Parramatta, NSW"]
[Date "2010.04.11"]
[Round "9.24"]
[White "Mithran, Mishael"]
[Black "Willathgamuwa, Rowan"]
[Result "0-1"]
[WhiteElo "667"]
[BlackElo "424"]
[PlyCount "104"]
[EventDate "2010.04.07"]
[EventType "swiss"]
[EventRounds "9"]
[EventCountry "AUS"]
[SourceDate "2010.04.07"]

1. d4 d5 2. Nf3 Nf6 3. Nc3 Nbd7 4. e3 e6 5. Bd3 c5 6. dxc5 Bxc5 7. Bb5 a6 8.
Ba4 b5 9. Bb3 Nb6 10. a4 b4 11. Ne2 Bb7 12. Bd2 a5 13. O-O Nbd7 14. c4 O-O 15.
Qc2 Rc8 16. Qd3 Nb6 17. cxd5 Nbxd5 18. Rac1 Qe7 19. Bc2 Rfd8 20. Qb3 Nb6 21.
Nfd4 Bd5 22. Nf5 exf5 23. Qd3 Bc4 24. Qxf5 Bxe2 25. Rfe1 Rxd2 26. Bd1 Bxd1 27.
Rexd1 Rxd1+ 28. Rxd1 Qe4 29. Qf4 Qxf4 30. exf4 Ng4 31. Rf1 Bxf2+ 32. Kh1 Re8
33. h3 Re1 34. Rxe1 Bxe1 35. hxg4 Nc4 36. b3 Nd2 37. Kg1 Nxb3 38. Kf1 Bg3 39.
f5 Nd2+ 40. Ke2 Bf4 41. Kd3 b3 42. Kc3 Kf8 43. g3 Bg5 44. Kb2 Ke7 45. Kc3 Kd6
46. Kb2 Kd5 47. Kc3 Kc5 48. Kb2 Kb4 49. f6 gxf6 50. Ka1 f5 51. Kb2 fxg4 52. Ka1
Bf6# 0-1

[Event "Sydney International Open"]
[Site "Parramatta, NSW"]
[Date "2009.04.15"]
[Round "1.9"]
[White "Solomon, Stephen"]
[Black "Yuan, Yi"]
[Result "0-1"]
[WhiteElo "2455"]
[BlackElo "2010"]
[PlyCount "84"]
[EventDate "2009.04.15"]
[EventType "swiss"]
[EventRounds "9"]
[EventCountry "AUS"]
[SourceDate "2009.04.15"]

1. e4 e5 2. Nf3 Nc6 3. Bb5 a6 4. Ba4 Nf6 5. O-O Nxe4 6. d4 b5 7. Bb3 d5 8. dxe5
Be6 9. Nbd2 Nc5 10. c3 d4 11. cxd4 Nxd4 12. Nxd4 Qxd4 13. Bxe6 fxe6 14. Nf3 Qd5
15. Bg5 h6 16. Be3 Nd3 17. Qc2 Qc4 18. Qxc4 bxc4 19. Bd4 Bb4 20. Rab1 c5 21.
Be3 Rb8 22. Rfd1 O-O 23. Kf1 Ba5 24. b3 g5 25. bxc4 Rxb1 26. Rxb1 g4 27. Rb3
Rd8 28. Nh4 Nxe5 29. g3 Nxc4 30. Bxh6 Bd2 31. Be3 Bxe3 32. Rc3 Nd2+ 33. Ke2 Bd4
34. Kxd2 Bxc3+ 35. Kxc3 Rf8 36. Ng6 Rxf2 37. Ne5 Rxh2 38. a4 Rg2 39. Kc4 Rxg3
40. Kxc5 Rg1 41. a5 g3 42. Kb6 Rf1 0-1

[Event "Sydney International Open"]
[Site "Parramatta, NSW"]
[Date "2009.04.15"]
[Round "1.27"]
[White "Steadman, Michael"]
[Black "Wang, Oscar"]
[Result "1-0"]
[WhiteElo "2265"]
[BlackElo "1910"]
[PlyCount "67"]
[EventDate "2009.04.15"]
[EventType "swiss"]
[EventRounds "9"]
[EventCountry "AUS"]
[SourceDate "2009.04.15"]

1. d4 d5 2. c4 e6 3. Nc3 Nf6 4. cxd5 Nxd5 5. Nf3 Be7 6. e4 Nxc3 7. bxc3 O-O 8.
Bd3 b6 9. Qe2 Bb7 10. O-O c5 11. Rd1 Qc7 12. Be3 Rd8 13. Rac1 Nd7 14. e5 Nf8
15. Ng5 Bxg5 16. Bxg5 Re8 17. Qg4 Kh8 18. h4 Rac8 19. h5 cxd4 20. cxd4 Qb8 21.
Rb1 Bd5 22. a4 Qb7 23. f3 Rc7 24. Qf4 Nd7 25. h6 Rg8 26. Qxf7 Qc8 27. Rbc1 Nc5
28. hxg7+ Rxg7 29. Qf6 Nd7 30. Qh6 Kg8 31. Rxc7 Qxc7 32. Rc1 Qb7 33. Kf2 Rf7
34. Rh1 1-0

[Event "Sydney International Open"]
[Site "Parramatta, NSW"]
[Date "2009.04.15"]
[Round "2.3"]
[White "Chow, Samuel"]
[Black "Jones, Gawain"]
[Result "1/2-1/2"]
[WhiteElo "2299"]
[BlackElo "2550"]
[PlyCount "125"]
[EventDate "2009.04.15"]
[EventType "swiss"]
[EventRounds "9"]
[EventCountry "AUS"]
[SourceDate "2009.04.15"]

1. c4 Nf6 2. Nc3 g6 3. Nf3 Bg7 4. g3 O-O 5. Bg2 d6 6. O-O e5 7. Rb1 Nc6 8. d3
Re8 9. e4 Bg4 10. h3 Bxf3 11. Qxf3 a6 12. Qd1 Nd4 13. b3 c6 14. Bb2 h5 15. h4
Ng4 16. Bh3 f5 17. Bc1 Rf8 18. f3 Nf6 19. Ne2 fxe4 20. Nxd4 exd4 21. fxe4 Qe7
22. Bf4 Nd7 23. Bg5 Bf6 24. Bxf6 Nxf6 25. Qd2 Qe5 26. Kh2 Kg7 27. Rf2 Rf7 28.
Rbf1 Raf8 29. Kg2 b6 30. Qb4 b5 31. Qa3 Nxe4 32. Rxf7+ Rxf7 33. Rxf7+ Kxf7 34.
dxe4 d3 35. Qc1 Qxe4+ 36. Kg1 bxc4 37. bxc4 Qd4+ 38. Kf1 d2 39. Qd1 Qxc4+ 40.
Kf2 Qxa2 41. Ke2 Qa3 42. Qf1+ Ke7 43. Qf4 a5 44. Qe4+ Kf6 45. Qe6+ Kg7 {
Black offered a draw.} 46. Qe7+ Kh6 47. Qf8+ Kh7 48. Qf7+ Kh6 49. Be6 Qd3+ 50.
Kd1 Qb1+ 51. Kxd2 Qb2+ 52. Kd1 Qd4+ 53. Ke2 Qe5+ 54. Kf3 d5 55. Kg2 Qg7 56.
Qf4+ Kh7 57. Qd6 Qc3 58. Qd8 Kh6 59. Kh3 Qa1 60. Qf8+ Qg7 61. Qa3 Qf6 62. Qc1+
Kg7 63. Qxc6 {White offered a draw which was accepted.} 1/2-1/2

[Event "Sydney International Open"]
[Site "Parramatta, NSW"]
[Date "2009.04.15"]
[Round "2.16"]
[White "Mahmud, Syarif"]
[Black "Brown, Andrew"]
[Result "1/2-1/2"]
[WhiteElo "2373"]
[BlackElo "2085"]
[PlyCount "116"]
[EventDate "2009.04.15"]
[EventType "swiss"]
[EventRounds "9"]
[EventCountry "AUS"]
[SourceDate "2009.04.15"]

1. d4 Nf6 2. Nf3 g6 3. c4 Bg7 4. Nc3 O-O 5. e4 d6 6. Be2 e5 7. O-O Nc6 8. d5
Ne7 9. b4 a5 10. Ba3 axb4 11. Bxb4 Nd7 12. a4 f5 13. Ng5 Nc5 14. Bxc5 dxc5 15.
Ne6 Bxe6 16. dxe6 Qd4 17. Qb3 Qd6 18. Rfd1 Qc6 19. Rd7 Qxe6 20. Rxc7 b6 21. Nd5
Nc8 22. Bf3 f4 23. h3 h5 24. Qb5 Ra5 25. Qc6 Qxc6 26. Rxc6 Kh7 27. Bd1 Rd8 28.
Bb3 Nd6 29. f3 Nc8 30. Rd1 g5 31. Kf1 Ra7 32. Nxb6 Rxd1+ 33. Bxd1 Nxb6 34. Rxb6
Kg8 35. Ke2 Kf7 36. Kd3 Bf6 37. Rb5 Be7 38. Kc3 Bd6 39. Kb3 Ke7 40. a5 Kd7 41.
Ka4 Kc7 42. Rb6 Rb7 43. Rxb7+ Kxb7 44. Kb5 Bf8 45. Ba4 Kc7 46. a6 h4 47. a7 Kb7
48. a8=Q+ Kxa8 49. Kc6 Kb8 50. Kd7 Kb7 51. Bc6+ Kb6 52. Bd5 Bg7 53. Ke6 Kc7 54.
Kf7 Bh8 55. Kg6 Kd6 56. Kxg5 Ke7 57. Kxh4 Kf6 58. Kg4 Bg7 1/2-1/2

[Event "Sydney International Open"]
[Site "Parramatta, NSW"]
[Date "2009.04.15"]
[Round "2.24"]
[White "Stojic, Dusan"]
[Black "Grigg, Sam"]
[Result "1-0"]
[WhiteElo "2229"]
[BlackElo "1927"]
[PlyCount "67"]
[EventDate "2009.04.15"]
[EventType "swiss"]
[EventRounds "9"]
[EventCountry "AUS"]
[SourceDate "2009.04.15"]

1. e4 c5 2. Nf3 Nc6 3. d4 cxd4 4. Nxd4 Nf6 5. Nc3 e5 6. Ndb5 d6 7. Bg5 a6 8.
Na3 b5 9. Nd5 Be7 10. Bxf6 Bxf6 11. c3 Ne7 12. Nxf6+ gxf6 13. Be2 f5 14. exf5
Bxf5 15. Nc2 Be6 16. a4 bxa4 17. Rxa4 a5 18. Bb5+ Bd7 19. Bxd7+ Qxd7 20. Ne3
Qc6 21. Qa1 f5 22. O-O Rg8 23. g3 f4 24. Nc4 Nf5 25. Nxa5 Qd7 26. Nc6 Rc8 27.
Qa2 Rf8 28. Nb4 Nh4 29. Ra7 Rc7 30. Rxc7 Qxc7 31. Qe6+ Kd8 32. gxh4 Qg7+ 33.
Kh1 Rf6 34. Qd5 1-0

[Event "Sydney International Open"]
[Site "Parramatta, NSW"]
[Date "2009.04.15"]
[Round "2.29"]
[White "Jule, Alexandra"]
[Black "Solomon, Stephen"]
[Result "0-1"]
[WhiteElo "1928"]
[BlackElo "2455"]
[PlyCount "86"]
[EventDate "2009.04.15"]
[EventType "swiss"]
[EventRounds "9"]
[EventCountry "AUS"]
[SourceDate "2009.04.15"]

1. d4 d5 2. Nf3 c6 3. Nbd2 Bf5 4. e3 e6 5. Be2 Nd7 6. b3 a5 7. c4 a4 8. a3 axb3
9. Qxb3 Ra7 10. Bd3 Bxd3 11. Qxd3 f5 12. cxd5 cxd5 13. O-O Ngf6 14. a4 Ne4 15.
Bb2 Bd6 16. Qb5 O-O 17. a5 Qe7 18. Rfc1 Ndf6 19. Nxe4 fxe4 20. Ne5 h6 21. Ng6
Qe8 22. Qxe8 Rxe8 23. Ba3 Bxa3 24. Rxa3 b6 25. Rca1 Rea8 26. a6 Ne8 27. h3 Nc7
28. Rc1 Rxa6 29. Rxa6 Nxa6 30. Rc6 Rb8 31. Ne5 Nb4 32. Rxe6 b5 33. Nd7 Kf7 34.
Re5 Rd8 35. Nc5 Nd3 36. Rf5+ Ke7 37. Nb7 Rb8 38. Na5 Ke6 39. Rh5 Ra8 40. Nb3 b4
41. f3 exf3 42. gxf3 Ra3 43. Nd2 Ra1+ 0-1

[Event "Sydney International Open"]
[Site "Parramatta, NSW"]
[Date "2009.04.15"]
[Round "2.32"]
[White "Dizdarevich, Mehmedalija"]
[Black "Lee, Bryan"]
[Result "0-1"]
[WhiteElo "2081"]
[BlackElo "1918"]
[PlyCount "70"]
[EventDate "2009.04.15"]
[EventType "swiss"]
[EventRounds "9"]
[EventCountry "AUS"]
[SourceDate "2009.04.15"]

1. e4 c5 2. Nf3 d6 3. d4 cxd4 4. Nxd4 Nf6 5. Nc3 g6 6. Be3 Bg7 7. f3 O-O 8. Qd2
Nc6 9. Bc4 Bd7 10. O-O-O Rc8 11. Bb3 Ne5 12. g4 Nc4 13. Bxc4 Rxc4 14. h4 b5 15.
h5 b4 16. Nce2 Qa5 17. Kb1 Rfc8 18. hxg6 fxg6 19. Rc1 Qe5 20. c3 bxc3 21. Rxc3
Nxe4 22. Qd3 Nxc3+ 23. bxc3 Qa5 24. Rc1 Qa3 25. Rc2 Rb8+ 26. Nb3 Ra4 27. Nec1
Be6 28. Rb2 Rc4 29. Rc2 Ra4 30. Rb2 Rc4 31. Rc2 a5 32. Ka1 Rc7 33. Bd2 a4 34.
Nd4 Rcb7 35. Ncb3 axb3 0-1

[Event "Sydney International Open"]
[Site "Parramatta, NSW"]
[Date "2009.04.15"]
[Round "2.35"]
[White "Abbott, Peter"]
[Black "Zibaei, Abdoulla"]
[Result "0-1"]
[WhiteElo "1893"]
[BlackElo "2067"]
[PlyCount "52"]
[EventDate "2009.04.15"]
[EventType "swiss"]
[EventRounds "9"]
[EventCountry "AUS"]
[SourceDate "2009.04.15"]

1. d4 Nf6 2. c4 c5 3. d5 b5 4. a4 bxc4 5. Nc3 g6 6. e4 d6 7. Bxc4 Bg7 8. f4 O-O
9. Nf3 Qa5 10. O-O Ba6 11. Bxa6 Nxa6 12. Qe2 Nb4 13. Nd2 Rab8 14. Nc4 Qa6 15.
Be3 Ng4 16. Qxg4 Qxc4 17. Bd2 Nd3 18. Qe2 Rxb2 19. Nb5 Rxd2 20. Qxd2 Bxa1 21.
Rxa1 a6 22. Rd1 axb5 23. Qxd3 Qxd3 24. Rxd3 b4 25. Kf2 Ra8 26. Ke1 Rxa4 0-1

[Event "Sydney International Open"]
[Site "Parramatta, NSW"]
[Date "2009.04.15"]
[Round "2.48"]
[White "Holland, Dennis"]
[Black "Wan, Kinto"]
[Result "1/2-1/2"]
[WhiteElo "1963"]
[BlackElo "1402"]
[PlyCount "70"]
[EventDate "2009.04.15"]
[EventType "swiss"]
[EventRounds "9"]
[EventCountry "AUS"]
[SourceDate "2009.04.15"]

1. d4 Nf6 2. Nf3 d5 3. c4 c6 4. e3 Bg4 5. Nbd2 Nbd7 6. Qb3 Qc7 7. Bd3 g6 8. h3
Bxf3 9. Nxf3 Bg7 10. Bd2 O-O 11. Rc1 Rac8 12. cxd5 Nxd5 13. O-O Bh6 14. Rc2 Qb8
15. Qa3 Qc7 16. e4 Bxd2 17. Rxd2 Nf4 18. Rc1 e6 19. Bf1 Nb6 20. Ne5 Rfd8 21.
Qf3 f6 22. Qxf4 fxe5 23. Qf6 exd4 24. Qxe6+ Kh8 25. Qf6+ Qg7 26. Qxg7+ Kxg7 27.
b4 Rc7 28. Be2 Nc8 29. Rcd1 a5 30. Rxd4 Rxd4 31. Rxd4 a4 32. e5 b5 33. Bf3 Kf7
34. Rd6 Nxd6 35. exd6 Rd7 1/2-1/2

[Event "Sydney International Open"]
[Site "Parramatta, NSW"]
[Date "2009.04.16"]
[Round "3.1"]
[White "Satyapragyan, Swayangsu"]
[Black "Reinderman, Dimitri"]
[Result "1/2-1/2"]
[WhiteElo "2428"]
[BlackElo "2560"]
[Annotator "TheRealDeal"]
[PlyCount "65"]
[EventDate "2009.04.15"]
[EventType "swiss"]
[EventRounds "9"]
[EventCountry "AUS"]
[SourceDate "2009.04.15"]

1. e4 c5 2. Nf3 Nc6 3. Nc3 Nf6 4. Bb5 g6 5. Bxc6 dxc6 6. d3 Bg7 7. h3 O-O 8.
Bf4 Nh5 9. Bh2 b5 10. e5 f5 11. exf6 exf6 12. O-O f5 13. Be5 Bxe5 14. Nxe5 Qd6
15. Re1 Re8 16. Nf3 Be6 17. a3 Nf6 18. Qd2 b4 19. Qg5 Kg7 20. axb4 cxb4 21. Ne2
Nd5 22. Ned4 Kg8 23. Nh4 Kf7 24. Qh6 Nf6 25. Ndf3 Bd5 26. Ng5+ Kg8 27. Nxg6 (
27. Nxf5 gxf5 28. Nxh7) 27... hxg6 28. Qxg6+ Kh8 29. Qh6+ Kg8 30. Nh7 Kf7 31.
Ng5+ (31. Rxe8 Nxe8 32. Ng5+ Ke7 33. Re1+ Kd7 34. Qh7+ Kd8 35. Qxf5 a5 36. b3 (
36. Nf7+ Bxf7 37. Qxf7 Qd7 38. Qxd7+ Kxd7 39. f4 Nf6 40. g4 (40. b3 a4 41. bxa4
Rxa4 42. g4 Ra2 43. g5 Nd5 44. f5 Rxc2 45. g6 Nf6 46. h4 b3) 40... Nd5 41. f5
Rh8 42. Kg2 a4 43. g5 a3 44. bxa3 bxa3) 36... a4 37. bxa4 Rxa4 38. h4 Ra2 39.
h5 Rxc2 40. h6 (40. Ra1 Nc7) 40... Qxh6 41. Nf7+ (41. Qxd5+ cxd5 42. Nf7+ Kd7
43. Nxh6 b3 44. Rb1 b2 45. Kh2 Rxf2 46. Ng4 Re2) 41... Bxf7 42. Qxf7 Nd6) 31...
Kg8 32. Qg6+ Kh8 33. Qh6+ (33. Qxf5) (33. f4 Rf8 34. Re5 Qd7 35. Rae1 Qg7 36.
Qxf5 Nd7 37. Rxd5 Rxf5 38. Rxf5) (33. Re6 Qxe6 34. Nxe6 Rxe6 35. Qxf5) (33. c4
bxc3 34. bxc3 Qf8 35. Rxe8 Rxe8 36. c4 Bg8 37. Qxf5 (37. Rxa7 Re1+ 38. Kh2 Qd6+
39. g3 Ng4+)) 1/2-1/2

[Event "Sydney International Open"]
[Site "Parramatta, NSW"]
[Date "2009.04.16"]
[Round "3.4"]
[White "Karavade, Eesha"]
[Black "Deepan Chakkravarthy, J."]
[Result "1/2-1/2"]
[WhiteElo "2359"]
[BlackElo "2482"]
[PlyCount "28"]
[EventDate "2009.04.15"]
[EventType "swiss"]
[EventRounds "9"]
[EventCountry "AUS"]
[SourceDate "2009.04.15"]

1. d4 g6 2. Nf3 Bg7 3. c4 d6 4. Nc3 Bg4 5. h3 Bxf3 6. exf3 Nc6 7. d5 Nd4 8. Bd3
c5 9. O-O Nf6 10. Bg5 O-O 11. Qd2 Re8 12. Rfe1 Qd7 13. Rab1 Rab8 14. Ne2 e5
1/2-1/2

[Event "Sydney International Open"]
[Site "Parramatta, NSW"]
[Date "2009.04.16"]
[Round "3.5"]
[White "Roy Chowdhury, Saptarshi"]
[Black "Smirnov, Vladimir"]
[Result "1/2-1/2"]
[WhiteElo "2469"]
[BlackElo "2365"]
[PlyCount "67"]
[EventDate "2009.04.15"]
[EventType "swiss"]
[EventRounds "9"]
[EventCountry "AUS"]
[SourceDate "2009.04.15"]

1. e4 Nc6 2. Nf3 Nf6 3. e5 Ng4 4. d4 d6 5. h3 Nh6 6. Bb5 a6 7. Bxc6+ bxc6 8.
Bxh6 gxh6 9. O-O Bg7 10. Nc3 O-O 11. Qe2 e6 12. Ne4 Bb7 13. Rad1 Qe7 14. Qe3 c5
15. exd6 cxd6 16. dxc5 dxc5 17. b3 c4 18. Nd6 cxb3 19. cxb3 Rfd8 20. Nxb7 Qxb7
21. Rxd8+ Rxd8 22. Rc1 Rd5 23. Qf4 Rd7 24. Rc4 Qd5 25. Rc8+ Rd8 26. Rc7 Rd7 27.
Rc8+ Rd8 28. Rxd8+ Qxd8 29. Qd2 Qc7 30. Qd3 Qc1+ 31. Kh2 Qc7+ 32. Kg1 Qc1+ 33.
Kh2 Qc7+ 34. Kg1 1/2-1/2

[Event "Sydney International Open"]
[Site "Parramatta, NSW"]
[Date "2009.04.16"]
[Round "3.8"]
[White "Zhao, Zong Yuan"]
[Black "Chow, Samuel"]
[Result "1-0"]
[WhiteElo "2583"]
[BlackElo "2299"]
[PlyCount "79"]
[EventDate "2009.04.15"]
[EventType "swiss"]
[EventRounds "9"]
[EventCountry "AUS"]
[SourceDate "2009.04.15"]

1. e4 e6 2. d4 d5 3. e5 c5 4. c3 Nc6 5. Nf3 Bd7 6. Be2 f6 7. O-O fxe5 8. dxe5
Qc7 9. c4 Nxe5 10. cxd5 O-O-O 11. Nc3 Nf6 12. dxe6 Bxe6 13. Qa4 Nxf3+ 14. Bxf3
a6 15. Re1 Bd7 16. Qc2 Bd6 17. g3 Bc6 18. Bxc6 Qxc6 19. Bg5 Rdf8 20. Rad1 h6
21. Bxf6 Rxf6 22. Ne4 Re6 23. Nxd6+ Rxd6 24. Qf5+ Kb8 25. Qf4 Rhd8 26. Re6 Kc7
27. Qe5 R8d7 28. h4 c4 29. h5 b5 30. a3 Rd8 31. Rd4 R8d7 32. g4 Rd8 33. Rexd6
Rxd6 34. Qxg7+ Kb6 35. Rxd6 Qxd6 36. Qg6 Kc5 37. Qxd6+ Kxd6 38. g5 Ke6 39. gxh6
Kf7 40. Kf1 1-0

[Event "Sydney International Open"]
[Site "Parramatta, NSW"]
[Date "2009.04.16"]
[Round "3.9"]
[White "Jones, Gawain"]
[Black "Mohota, Nisha"]
[Result "1-0"]
[WhiteElo "2550"]
[BlackElo "2304"]
[PlyCount "135"]
[EventDate "2009.04.15"]
[EventType "swiss"]
[EventRounds "9"]
[EventCountry "AUS"]
[SourceDate "2009.04.15"]

1. e4 c6 2. c4 d5 3. cxd5 cxd5 4. exd5 Nf6 5. Qa4+ Nbd7 6. Nc3 g6 7. g4 h6 8.
Bg2 Bg7 9. Nge2 Kf8 10. h3 Kg8 11. O-O Nb6 12. Qb3 e6 13. dxe6 Bxe6 14. Qd1
Nfd5 15. d4 h5 16. g5 Qd7 17. h4 Bh3 18. Nxd5 Bxg2 19. Nf6+ Bxf6 20. Kxg2 Qg4+
21. Ng3 Bxd4 22. f3 Qd7 23. Ne4 Kg7 24. Qe2 Qf5 25. Be3 Rhd8 26. Ng3 Qe5 27.
Bxd4 Qxd4 28. Rad1 Qf4 29. Qe4 Qxe4 30. Nxe4 Nd5 31. Kf2 Rac8 32. Rd2 f5 33.
gxf6+ Nxf6 34. Rfd1 Rxd2+ 35. Rxd2 Rc1 36. Nd6 Rc7 37. Nb5 Rc4 38. Kg3 a6 39.
Nd6 Rc7 40. Kf4 Re7 41. a4 Ng8 42. Rd4 Nf6 43. Rd2 b6 44. Ne4 Rd7 45. Ke5 Re7+
46. Kf4 Rd7 47. Rd6 Rxd6 48. Nxd6 Nd7 49. Nc4 Kf6 50. Ne3 Ke6 51. Kg5 Kf7 52.
Nc4 b5 53. axb5 axb5 54. Nd6+ Kg7 55. Nxb5 Ne5 56. Nd4 Nd3 57. b3 Kf7 58. Nc6
Ke6 59. f4 Kd5 60. Ne7+ Ke4 61. Nxg6 Nc5 62. b4 Ne6+ 63. Kxh5 Kf5 64. b5 Ng7+
65. Kh6 Kf6 66. b6 Nf5+ 67. Kh7 Nd6 68. h5 1-0

[Event "Sydney International Open"]
[Site "Parramatta, NSW"]
[Date "2009.04.16"]
[Round "3.10"]
[White "Stojic, Dusan"]
[Black "Sriram, Jha"]
[Result "0-1"]
[WhiteElo "2222"]
[BlackElo "2453"]
[PlyCount "138"]
[EventDate "2009.04.15"]
[EventType "swiss"]
[EventRounds "9"]
[EventCountry "AUS"]
[SourceDate "2009.04.15"]

1. e4 e5 2. Nf3 d6 3. d4 exd4 4. Nxd4 Nf6 5. Nc3 Be7 6. g3 Bg4 7. f3 Bd7 8. Be3
Nc6 9. Qd2 O-O 10. O-O-O Nxd4 11. Bxd4 Be6 12. f4 c5 13. Be3 Qa5 14. Nd5 Qxd2+
15. Rxd2 Nxd5 16. exd5 Bf5 17. Bd3 Bd7 18. c4 Rfe8 19. Re1 Bf6 20. Bf2 Bg4 21.
Be2 Bd7 22. Bd3 a6 23. Rxe8+ Rxe8 24. Re2 Rb8 25. b3 b5 26. Be1 b4 27. Bd2 g6
28. Bc2 Kg7 29. Re1 a5 30. Re2 Ra8 31. Kb1 a4 32. bxa4 Kf8 33. Bc1 Bxa4 34.
Bxa4 Rxa4 35. f5 g5 36. g4 Ra8 37. h4 h6 38. h5 Be5 39. Bb2 Bxb2 40. Rxb2 Ra3
41. f6 Rf3 42. a4 Rxf6 43. a5 Rf1+ 44. Ka2 Re1 45. Kb3 Ke8 46. a6 Kd7 47. Ka4
Kc7 48. Kb5 Re8 49. Rf2 Rb8+ 50. Ka5 Rf8 51. Re2 Kb8 52. Kb6 Ka8 53. a7 f6 54.
Kc7 f5 55. gxf5 Rxf5 56. Kxd6 Kxa7 57. Kc6 Rf8 58. Kxc5 b3 59. d6 Kb7 60. Re7+
Kb8 61. Kb6 b2 62. Re1 Kc8 63. Kc6 g4 64. c5 g3 65. Rd1 g2 66. d7+ Kd8 67. Kb7
Rf1 68. c6 b1=Q+ 69. Rxb1 Rxb1+ 0-1

[Event "Sydney International Open"]
[Site "Parramatta, NSW"]
[Date "2009.04.16"]
[Round "3.11"]
[White "Rathnakaran, K."]
[Black "Ayvazyan, Armen"]
[Result "1-0"]
[WhiteElo "2427"]
[BlackElo "2210"]
[PlyCount "117"]
[EventDate "2009.04.15"]
[EventType "swiss"]
[EventRounds "9"]
[EventCountry "AUS"]
[SourceDate "2009.04.15"]

1. e4 c5 2. Nf3 Nc6 3. Bb5 d6 4. O-O Bd7 5. Re1 Nf6 6. h3 Ne5 7. Bxd7+ Nfxd7 8.
Nc3 Nxf3+ 9. Qxf3 g6 10. e5 Nxe5 11. Qxb7 Qc8 12. Qb5+ Qd7 13. a4 a6 14. Qe2
Bg7 15. f4 Nc6 16. Nd5 Ra7 17. c3 O-O 18. d3 e6 19. Ne3 Na5 20. Ra3 Rb8 21. Nc4
Nxc4 22. dxc4 Rab7 23. a5 e5 24. Rd1 Qe6 25. Qe4 Rc7 26. Qd5 Qxd5 27. cxd5 f5
28. Ra2 Rcb7 29. g3 e4 30. Rd2 Bf6 31. Rc2 Rb5 32. Be3 Rb3 33. Kf2 R8b5 34. g4
Kf7 35. Ke2 Bd8 36. Kd1 Rxa5 37. Rxa5 Bxa5 38. gxf5 gxf5 39. Rg2 Bd8 40. Kc2
Rb8 41. Rg1 h6 42. Ra1 a5 43. Rg1 Bc7 44. h4 c4 45. h5 Rg8 46. Rxg8 Kxg8 47.
Kb1 Kf7 48. Ka2 Ke8 49. Ka3 Kd7 50. Ka4 Kc8 51. Kb5 Kb7 52. Bd4 a4 53. Kxc4 Bb6
54. Bg7 Be3 55. Bxh6 Bc1 56. Bg5 e3 57. Kd3 Bxb2 58. h6 e2 59. Bh4 1-0

[Event "Sydney International Open"]
[Site "Parramatta, NSW"]
[Date "2009.04.16"]
[Round "3.12"]
[White "Ghane Gardeh, Shojaat"]
[Black "Fernandez, Daniel Howard"]
[Result "1/2-1/2"]
[WhiteElo "2415"]
[BlackElo "2171"]
[PlyCount "98"]
[EventDate "2009.04.15"]
[EventType "swiss"]
[EventRounds "9"]
[EventCountry "AUS"]
[SourceDate "2009.04.15"]

1. d4 Nf6 2. Nf3 c5 3. c3 b6 4. Bg5 e6 5. e3 Bb7 6. Bd3 d6 7. O-O Nbd7 8. c4 h6
9. Bh4 g5 10. Bg3 Nh5 11. Nc3 Nxg3 12. fxg3 Bg7 13. Be4 Bxe4 14. Nxe4 O-O 15.
Nxd6 cxd4 16. Nxd4 Ne5 17. N4b5 a6 18. Na3 f5 19. c5 bxc5 20. Qd2 Rf7 21. Ndc4
Qxd2 22. Nxd2 Nd3 23. Nac4 Rb8 24. Rab1 Nxb2 25. Nxb2 Bxb2 26. Nc4 Rfb7 27. Rf2
Bf6 28. Rc1 Rb1 29. Rfc2 Kf7 30. Kf2 Rxc1 31. Rxc1 Rb4 32. a3 Rb3 33. Ke2 Ke7
34. Kd2 Kd7 35. Kc2 Rc3+ 36. Kd2 Rxc1 37. Kxc1 Kc6 38. Kc2 Kd5 39. Kd3 Bd8 40.
g4 Bc7 41. h3 Bd8 42. a4 Bc7 43. Nd2 Bd8 44. Nc4 Be7 45. Nb6+ Kc6 46. Nc4 Bf6
47. gxf5 exf5 48. g4 f4 49. e4 Bd4 1/2-1/2

[Event "Sydney International Open"]
[Site "Parramatta, NSW"]
[Date "2009.04.16"]
[Round "3.13"]
[White "Pon, N Krithikha"]
[Black "Akshayraj, Kore"]
[Result "1/2-1/2"]
[WhiteElo "2180"]
[BlackElo "2404"]
[PlyCount "40"]
[EventDate "2009.04.15"]
[EventType "swiss"]
[EventRounds "9"]
[EventCountry "AUS"]
[SourceDate "2009.04.15"]

1. e4 c5 2. Nf3 d6 3. d4 Nf6 4. Nc3 cxd4 5. Nxd4 Nc6 6. Bg5 e6 7. Qd2 a6 8.
O-O-O Nxd4 9. Qxd4 Be7 10. f4 b5 11. Be2 Bb7 12. Bf3 Qc7 13. e5 dxe5 14. fxe5
Nd5 15. Bxe7 Nxe7 16. Bxb7 Qxb7 17. Qg4 O-O 18. Ne4 Ng6 19. Nd6 Qc6 20. Qg3 f6
1/2-1/2

[Event "Sydney International Open"]
[Site "Parramatta, NSW"]
[Date "2009.04.16"]
[Round "3.14"]
[White "Watson, James"]
[Black "Mahmud, Syarif"]
[Result "1/2-1/2"]
[WhiteElo "2101"]
[BlackElo "2373"]
[PlyCount "45"]
[EventDate "2009.04.15"]
[EventType "swiss"]
[EventRounds "9"]
[EventCountry "AUS"]
[SourceDate "2009.04.15"]

1. e4 c5 2. Nc3 Nc6 3. f4 g6 4. Nf3 Bg7 5. Bb5 Nd4 6. O-O e6 7. Nxd4 Bxd4+ 8.
Kh1 a6 9. Bd3 d6 10. f5 Ne7 11. Qf3 exf5 12. exf5 Nxf5 13. Bxf5 Bxf5 14. Qxb7
O-O 15. d3 Re8 16. Qf3 Rb8 17. Nd1 Qh4 18. Bf4 Bg4 19. Qd5 Re1 20. Ne3 Rxa1 21.
Rxa1 Rxb2 22. Rf1 Be6 23. Qa8+ 1/2-1/2